[Event "China Chess King 1st"]
[Site "Taizhou"]
[Date "2015.11.27"]
[Round "2.2"]
[White "Lu, Shanglei"]
[Black "Bu, Xiangzhi"]
[Result "0-1"]
[WhiteElo "2615"]
[BlackElo "2710"]
[Annotator "Schulz,Andre"]
[PlyCount "62"]
[EventDate "2015.11.24"]
[EventType "k.o."]
[EventRounds "3"]
[EventCountry "CHN"]
[SourceTitle "CBM 170"]
[Source "ChessBase"]
[SourceDate "2016.01.15"]
[SourceVersion "1"]
[SourceVersionDate "2016.01.15"]
[SourceQuality "1"]

1. e4 e5 2. Nc3 Nf6 3. g3 c6 4. d4 ({Nach} 4. Bg2 d5 5. exd5 cxd5 6. d4 exd4 7.
Qxd4 Nc6 8. Qd1 d4 {spricht die Statistik für Schwarz.}) 4... exd4 5. Qxd4 d5
6. Nf3 ({Lu hat auch schon andere Züge probiert:} 6. Bg5 Be7 7. O-O-O h6 8.
Bxf6 Bxf6 9. Qd3 O-O 10. exd5 Qb6 11. Nge2 Na6 12. a3 Bg4 13. Qe4 Bxe2 14. Qxe2
Bxc3 15. bxc3 Rfe8 16. Qc4 cxd5 17. Qd4 Qa5 18. Kb2 Re6 19. Ka2 Nc5 20. Bg2 Na4
21. Rd3 Re2 22. Rb1 Rc8 23. Bxd5 Nxc3+ 24. Rxc3 Qxc3 25. Bxf7+ Kxf7 26. Rxb7+
Kf8 {0-1 (26) Lu,S (2526)-Adhiban,B (2558) Chennai 2013}) 6... Nbd7 7. exd5 (7.
Bh3 dxe4 8. Ng5 Be7 9. Be3 c5 10. Qd2 Qb6 11. Nd5 Qd6 12. Nc3 Qb6 13. O-O-O O-O
14. Bf4 h6 15. Ngxe4 Nxe4 16. Nxe4 Nf6 17. Bg2 Bg4 18. Rde1 Rad8 19. Qc3 Nd5
20. Qb3 Qxb3 21. axb3 Nxf4 22. gxf4 b6 23. Re3 Bd6 24. Nxd6 Rxd6 25. Rhe1 Rfd8
26. Re8+ Rxe8 27. Rxe8+ Kh7 28. Be4+ g6 29. Bd3 Be6 30. Kd2 {1/2-1/2 (30) Lu,S
(2558)-Prasanna,R (2410) Ho Chi Minh City 2014}) 7... Bc5 {Schwarz gibt einen
Bauern und beschleunigt seine Entwicklung.} 8. Qd3 O-O {Schon mit ein paar
Drohungen: Te8, Db6 und/oder Sg4.} 9. dxc6 Qb6 10. Be3 ({Die Maschine schlägt
} 10. Bg2 $5 {vor:} Bxf2+ 11. Kf1 bxc6 12. Na4) 10... Bxe3 11. fxe3 bxc6 {
Vorteil Schwarz. Bauer b2 hängt, Bauer e3 ist schwach. Weiß liegt in der
Entwicklung hinten.} 12. O-O-O Nc5 13. Qd4 Bg4 14. Bg2 Rad8 15. Qf4 Rb8 16. b3
Rfe8 17. Rhe1 Nfe4 18. Nxe4 Rxe4 19. Qd6 {Das letzte Feld, das der weißen
Dame noch bleibt.} (19. Qg5 f6 20. Qh4 Bxf3 $19) {[#]} 19... Ra4 $1 {Ein
schicker Zug. Schwarz hat die Initiative, es ist aber noch nichts entschieden.}
20. Kb1 $2 (20. bxa4 $2 Qb2+ 21. Kd2 Ne4+ $19) ({Weiß hatte zwei
Möglichkeiten, um im Spiel zu bleiben:} 20. Qxb8+ Qxb8 21. bxa4 Nxa4 22. Rd4
Qb2+ 23. Kd2 Qc3+ 24. Ke2 $15) ({Oder:} 20. Rd4 Rxa2 21. Red1 $15) 20... Ne4
21. Qe7 Qa5 ({Gut war auch} 21... Nc3+ 22. Kc1 (22. Ka1 Rxa2#) 22... Rxa2 $19 {
mit der Idee} 23. Z0 Rxc2+) 22. Qe5 Qxe5 $6 (22... Nc3+ $5 23. Kc1 Nxa2+ 24.
Kb2 Qb4 $19) 23. Nxe5 Bxd1 24. Kb2 $2 ({Nach} 24. Bxe4 Rxe4 25. Nxc6 Bxc2+ 26.
Kxc2 Rc8 27. Kd3 Re6 28. Nd4 $17 {hätte Schwarz noch arbeiten müssen.}) 24...
Bxc2 25. Nxc6 Rb6 26. Rc1 Rc4 27. Bxe4 Bxb3 28. axb3 Rxe4 29. Nxa7 Kf8 30. Rc8+
Ke7 31. Rc3 Kd7 0-1

[Event "Monte Carlo FIDE GP (Women)"]
[Site "Monte Carlo"]
[Date "2015.10.15"]
[Round "11"]
[White "Hou, Yifan"]
[Black "Kosteniuk, Alexandra"]
[Result "1/2-1/2"]
[WhiteElo "2671"]
[BlackElo "2530"]
[Annotator "Schulz,Andre"]
[PlyCount "130"]
[EventDate "2015.10.03"]
[EventType "tourn"]
[EventRounds "11"]
[EventCountry "MNC"]
[EventCategory "11"]
[SourceTitle "CBM 169"]
[Source "ChessBase"]
[SourceDate "2015.11.10"]
[SourceVersion "1"]
[SourceVersionDate "2015.11.10"]
[SourceQuality "1"]

1. e4 e5 2. Nc3 Nf6 3. g3 Nc6 4. Bg2 Bc5 5. Nge2 d6 6. h3 Be6 7. Na4 a6 8. Nxc5
dxc5 9. d3 Qd6 10. Be3 Nd7 11. O-O f6 12. c3 O-O-O 13. Qc2 f5 14. Rad1 Nf6 15.
f4 fxe4 16. dxe4 Qe7 17. f5 Bf7 18. g4 h6 19. Nc1 Na5 20. b3 b6 21. Bf3 Kb8 22.
Rxd8+ Rxd8 {[#]} 23. h4 {Die Partie begann mit 1. e4 e5, nahm aber bald den
Charakter der Königsindischen Verteidigung mit vertauschten Farben an. Wie
dort üblich, geht Weß am Königsflügel vor, aber Schwarz hat lang rochiert
und so ist der Angriff hier viel ungefährlicher als bei vergleichbaren
Positionen, in denen auch Schwarz kurz rochiert hat.} Nh7 24. Qh2 c4 25. b4 Nb7
26. Kg2 $2 {[#] Weiß agiert zu sorglos. Der Bauer e4 wird unter Beschuss
geraten und nach dem Königszug ist ein Deckungszug wie Dg2 nicht mehr
möglich.} Nd6 27. g5 Be8 28. Qg3 Bc6 29. Qg4 hxg5 30. Bxg5 {[#]} ({Auf} 30.
hxg5 {folgt} Nf7 {z.B.:} 31. g6 Nf6 32. Bg5 Rd2+ 33. Kg1 Nxg5 34. Qxg5 Rc2 $19)
30... Nxg5 $6 ({Nach} 30... Nf6 $1 {gewinnt Weiß auch den e-Bauern, aber die
Damen bleiben auf dem Brett, was angesichts der schwachen weißen Königs
günstiger für Schwarz ist.} 31. Ne2 Qf7 32. Bxf6 gxf6 33. Kh3 Rg8 34. Qh5 Qf8
$19 {mit der Drohung Le8 und Damenfang.}) 31. Qxg5 Qxg5+ 32. hxg5 Bxe4 33. Re1
Bxf5 34. Rxe5 g6 {Schwarz hat einiges an Vorteil eingebüßt. Der Mehrbauer am
Damenflügel ist nicht einfach zu verwerten.} 35. Re7 Bd3 36. Bc6 Nb5 37. Bxb5
axb5 38. Re5 Kb7 39. Kf2 {[#] Eine witzige Bauernstruktur am Damenflügel.
Schwarz hat sich eine Art hochgestellte "Badewanne" gebaut.} Kc6 40. Ke3 {[#]}
Rh8 $6 (40... Bf5 {Mit den beiden Leichtfiguren auf dem Brett behielt Schwarz
mehr Chancen auf den Sieg.}) 41. Nxd3 Rh3+ 42. Kd2 Rxd3+ 43. Kc2 Kd6 44. Rxb5
Rg3 45. a4 Rg2+ 46. Kb1 Re2 47. Kc1 Kc6 48. Kb1 Re3 49. Kc2 Re1 50. Kb2 Re8 51.
Ka2 Kd6 52. Kb2 Re1 53. Kc2 Re2+ 54. Kc1 Ra2 55. a5 Kc6 56. Re5 bxa5 57. Rc5+
Kb6 58. Rxc4 a4 59. Rc5 Rg2 60. Kb1 a3 61. Ra5 Rb2+ 62. Ka1 Rg2 63. Kb1 c6 64.
Rc5 Rb2+ 65. Ka1 Rg2 1/2-1/2

[Event "YUG-ch"]
[Site "Kladovo"]
[Date "1990.??.??"]
[Round "?"]
[White "Vukovic, Zdravko"]
[Black "Lazic, Miroljub"]
[Result "0-1"]
[WhiteElo "2425"]
[BlackElo "2495"]
[Annotator "Schussler,H"]
[PlyCount "36"]
[EventDate "1990.02.??"]
[EventType "tourn"]
[EventRounds "15"]
[EventCountry "YUG"]
[EventCategory "9"]
[SourceTitle "CBM 017"]
[Source "ChessBase"]
[SourceDate "1990.08.01"]
[SourceVersion "1"]
[SourceVersionDate "1990.08.01"]
[SourceQuality "1"]

1. e4 e5 2. Nc3 Nf6 3. g3 Bc5 4. Bg2 O-O 5. Nge2 c6 6. O-O Re8 7. d3 d5 8. exd5
Nxd5 9. Nxd5 cxd5 10. d4 exd4 11. Nxd4 Bb6 12. Bf4 Nc6 13. Nb5 Be6 14. h4 Re7
15. Nc3 d4 16. Ne4 Qd7 17. Bg5 Ree8 18. Qd2 $4 f5 0-1

[Event "Reykjavik zt"]
[Site "Reykjavik"]
[Date "1995.??.??"]
[Round "2"]
[White "Hector, Jonny"]
[Black "Ernst, Thomas"]
[Result "1-0"]
[WhiteElo "2540"]
[BlackElo "2465"]
[Annotator "Tisdall,J"]
[PlyCount "103"]
[EventDate "1995.03.??"]
[EventType "swiss"]
[EventRounds "11"]
[EventCountry "ISL"]
[SourceTitle "CBM 047"]
[Source "ChessBase"]
[SourceDate "1995.08.01"]
[SourceVersion "1"]
[SourceVersionDate "1995.08.01"]
[SourceQuality "1"]

{This was the first of three straight wins from Swedish GM Jonny Hector. Here
he disguises his aggressive style with a quiet opening and caps patient positi
onal play with a patented attack.} 1. e4 e5 2. Nc3 Nf6 3. Nf3 Nc6 4. g3 Bc5 5.
Bg2 d6 6. d3 O-O 7. O-O a6 8. Be3 Nd4 9. Bxd4 Bxd4 10. Nxd4 exd4 11. Ne2 c5 12.
c3 dxc3 13. Nxc3 Qb6 14. Qd2 Bd7 15. Rad1 Rac8 16. Rfe1 Rfd8 17. Re2 Bc6 18. d4
cxd4 19. Qxd4 Qxd4 20. Rxd4 {Black's weak d-pawn gives white a lingering
advantage.} Kf8 21. Red2 Ke7 22. Nd1 g6 23. Ne3 Bb5 24. f4 Rc1+ 25. Kf2 Bc6 26.
g4 $1 (26. e5 Ne8 27. Nc4 d5 28. Ne3 Nc7 {does not break down black's defences.
}) 26... Ne8 27. g5 Nc7 28. f5 $1 {Preventing ...Se6 and planning an attack
based on his growing space advantage.} Nb5 29. R4d3 Rc5 30. h4 a5 31. f6+ Kf8
32. a4 Nc7 33. Rxd6 Rxd6 34. Rxd6 Bxa4 {White has traded a healthy pawn for a
weaklling but more important is his penetration of black's position.} 35. Rd8+
Ne8 36. Bh3 Rb5 37. Bd7 $1 {Now white's attack is decisive, despite reduced
material.} Rxb2+ 38. Kf3 Bxd7 39. Rxd7 a4 40. Rd8 Rb6 41. Nc4 Re6 42. Rb8 h6
43. Kf4 $1 hxg5+ 44. hxg5 b5 45. Ne5 a3 46. Nd7+ Kg8 47. Nc5 a2 {[#] Now the
stage is set for a patented Hector crowd-pleasing finish.} 48. Nxe6 $1 a1=Q 49.
Rxe8+ Kh7 50. Nf8+ Kg8 51. Nxg6+ $1 Kh7 52. Rh8+ (52. Rh8+ Kxg6 53. Rh6# {
is mate.}) 1-0